| 000 | 00719nam a2200229 i 4500 | ||
|---|---|---|---|
| 001 | 114961 | ||
| 003 | ES-MaACL | ||
| 005 | 20230906190309.0 | ||
| 007 | t| | ||
| 008 | 070214s1930 sp ||||1| spa d | ||
| 080 | _a86-221"19" | ||
| 100 | 1 |
_aLópez de Haro, Rafael. _973547 |
|
| 245 | 1 | 0 |
_aSer o no ser _b: comedia en tres actos / _cRafael López de Haro ; dibujos de Barbero. |
| 260 |
_aMadrid : _bRivadeneyra, _c1930. |
||
| 300 |
_a62 p. : _bil. ; _c17 cm. |
||
| 490 | 1 |
_aLa Farsa ; _v122 |
|
| 500 | _3Estrenada en el teatro de la Princesa, de Madrid, el día 2 de marzo de 1926 | ||
| 700 | 1 |
_aBarbero. _925431 |
|
| 830 | 0 |
_aLa Farsa ; _v122 _9185863 |
|
| 852 |
_aES-MaACL _jC-13200 |
||
| 999 |
_c114961 _d114961 |
||